Acteurs français #2 - Statistiques

Statistiques générales
  • Ce quiz a été pris 532 fois
  • Le résultat moyen est 11 sur 16
Statistiques - réponses
Par images Réponse % Correct
Omar Sy
100%
Dany Boon
91%
Vincent Cassel
88%
Kad Merad
87%
Jean-Paul Belmondo
80%
Adèle Exarchopoulos
78%
Virginie Efira
78%
Bourvil
76%
Guillaume Canet
75%
Sophie Marceau
74%
Alain Delon
72%
Yves Montand
38%
Isabelle Huppert
37%
Simone Signoret
30%
Jean Marais
28%
Annie Girardot
18%
Aucun quiz correspondant
Distribution des résultats
% des personnes avec chaque résultat
Percentile par nombre de réponses
Votre historique - résultats
Vous n’avez pas pris ce quiz